UBT Library

Cell and tissue biology : (Record no. 41405)

000 -LEADER
fixed length control field 00641pam a2200229 a 4500
001 - CONTROL NUMBER
control field 4801359
005 - DATE AND TIME OF LATEST TRANSACTION
control field 20180131084719.0
008 - FIXED-LENGTH DATA ELEMENTS--GENERAL INFORMATION
fixed length control field 880412s1988 mduaf b 001 0 eng c
010 ## - LIBRARY OF CONGRESS CONTROL NUMBER
LC control number 88014212
020 ## - INTERNATIONAL STANDARD BOOK NUMBER
International Standard Book Number 0806721766
040 ## - CATALOGING SOURCE
Original cataloging agency DNLM/DLC
Transcribing agency DLC
Modifying agency DLC
041 ## - LANGUAGE CODE
Language code of text/sound track or separate title eng
060 ## - NATIONAL LIBRARY OF MEDICINE CALL NUMBER
Classification number QS 504 C3924
080 ## - UNIVERSAL DECIMAL CLASSIFICATION NUMBER
Universal Decimal Classification number 611.018LEO
082 00 - DEWEY DECIMAL CLASSIFICATION NUMBER
Classification number 611.018LEO
Edition number 19
100 ## - Rafti
Rafti 12
101 ## - Shkurtesa
Shkurtesa BIO
245 00 - TITLE STATEMENT
Title Cell and tissue biology :
Statement of responsibility, etc edited by Leon Weiss ; with 35 contributors.
504 ## - BIBLIOGRAPHY, ETC. NOTE
Bibliography, etc Includes bibliographies and index.
906 ## - LOCAL DATA ELEMENT F, LDF (RLIN)
a 7
b cbc
c orignew
d 1
e ocip
f 19
g y-gencatlg
942 ## - ADDED ENTRY ELEMENTS (KOHA)
Source of classification or shelving scheme
Item type Books
Holdings
Withdrawn status Lost status Source of classification or shelving scheme Damaged status Not for loan Collection code Permanent location Current location Shelving location Date acquired Total Checkouts Full call number Barcode Date last seen Price effective from Koha item type
          Koleksioni i përgjithshem UBT - Lipjan UBT - Lipjan Koleksioni i përgjithshem 01/31/2018   611.018 LEO 002-2998003 01/31/2018 01/31/2018 Books
UBT Library © 2015-2024. All rights reserved University Education for Business and Technology